Phê bình, bình luận văn học Bằng Việt, Phạm Tiến Duật, Vũ Cao, Nguyễn Duy
Gespeichert in:
| Format: | Buch |
|---|---|
| Sprache: | Undetermined |
| Veröffentlicht: |
Tp. HCM
Văn Nghệ
1997
|
| Schlagworte: | |
| Tags: |
Tag hinzufügen
Keine Tags, Fügen Sie den ersten Tag hinzu!
|
| Thư viện lưu trữ: | Trung tâm Học liệu Trường Đại học Cần Thơ |
|---|
| LEADER | 00509nam a2200157Ia 4500 | ||
|---|---|---|---|
| 001 | CTU_27440 | ||
| 008 | 210402s9999 xx 000 0 und d | ||
| 082 | |a 809 | ||
| 082 | |b Ph250b | ||
| 245 | 0 | |a Phê bình, bình luận văn học | |
| 245 | 0 | |b Bằng Việt, Phạm Tiến Duật, Vũ Cao, Nguyễn Duy | |
| 260 | |a Tp. HCM | ||
| 260 | |b Văn Nghệ | ||
| 260 | |c 1997 | ||
| 650 | |a vietnamese literature - history and criticism | ||
| 980 | |a Trung tâm Học liệu Trường Đại học Cần Thơ | ||